Statistics for Countries With The Most Romani

Click here to take the quiz!

General Stats

  • This quiz has been taken 28 times
  • The average score is 12 of 15

Answer Stats

Estimated PopulationCountry% Correct
621,573Romania
100%
250,000Greece
96%
182,766Russia
96%
1,000,000United States
96%
485,454Bulgaria
93%
500,000France
93%
500,000Germany
93%
147,604Serbia
93%
1,000,000Spain
93%
205,984Hungary
89%
321,250Slovakia.
75%
760,000Iran
61%
839,000Brazil
50%
2,300,000Egypt
39%
300,000Argentina
32%

Score Distribution

Percentile by Number Answered

Percent of People with Each Score

Your Score History

You have not taken this quiz